| 000 | 00444nam a2200157Ia 4500 | ||
|---|---|---|---|
| 999 |
_c18865 _d18865 |
||
| 003 | OSt | ||
| 005 | 20200709105205.0 | ||
| 008 | 190216s9999||||xx |||||||||||||| ||und|| | ||
| 040 | _coclc | ||
| 082 |
_a335.4 _b947 |
||
| 100 |
_aLenin, V I _93684 |
||
| 245 | 0 |
_aLenin Thiranjedutha Krithikal / _cV I Lenin |
|
| 260 | _bPrabhatham Printing &publishing Comp, | ||
| 300 | _a1039p | ||
| 942 |
_cBK _2ddc _h947 _iLEN/L _k947 _mLEN/L |
||